|
|
|
|
| LEADER |
01679nam a2200337 a 4500 |
| 001 |
28198 |
| 003 |
BD-DhAAL |
| 005 |
20190523120117.0 |
| 008 |
141204s2011 mauab b 001 0 eng |
| 999 |
|
|
|c 33208
|d 33208
|
| 010 |
|
|
|a 2010030741
|
| 020 |
|
|
|a 9780262515795 (pbk. : alk. paper)
|
| 020 |
|
|
|a 0262515792 (pbk. : alk. paper)
|
| 035 |
|
|
|a (OCoLC)ocn649827295
|
| 040 |
|
|
|a DLC
|c DLC
|d YDX
|d YDXCP
|d ERASA
|d MYG
|d CDX
|d DLC
|d BD-DhAAL
|
| 050 |
0 |
0 |
|a NA2540
|b .A97 2011
|
| 082 |
0 |
0 |
|a 720.1
|2 22
|
| 100 |
1 |
|
|a Aureli, Pier Vittorio.
|9 6504
|
| 245 |
1 |
4 |
|a The possibility of an absolute architecture /
|c Pier Vittorio Aureli.
|
| 260 |
|
|
|a Cambridge, Mass. :
|b MIT Press,
|c c2011.
|
| 300 |
|
|
|a xiv, 251 p. :
|b ill., maps ;
|c 21 cm.
|
| 490 |
1 |
|
|a Writing architecture series
|
| 504 |
|
|
|a Includes bibliographical references and index.
|
| 505 |
0 |
|
|a Introduction -- Towards the archipelago : defining the political and the formal in architecture -- The geo-politics of the ideal villa : Andrea Palladio and the project of an anti-ideal city -- Instauratio urbis : Piranesi's Campo Marzio vs. Nolli's Nuova Pianta di Roma -- Architecture as a state of exception : Étienne-Louis Boullée's project for a metropolis -- The city within the city : Oswald Mathias Ungers, OMA, and the project of the city as archipelago.
|
| 526 |
|
|
|a ARC
|
| 541 |
|
|
|e 28198
|
| 650 |
|
0 |
|a Architecture.
|9 6505
|
| 650 |
|
0 |
|a Cities and towns.
|9 6506
|
| 830 |
|
0 |
|a Writing architecture.
|9 6492
|
| 942 |
|
|
|2 ddc
|c BK
|
| 952 |
|
|
|0 0
|1 0
|2 ddc
|4 0
|6 720_100000000000000_AUR
|7 0
|9 44325
|a BRACUL
|b BRACUL
|c GEN
|d 2014-12-04
|e Karim International
|g 1800.00
|l 2
|m 18
|o 720.1 AUR
|p 3010028198
|r 2025-01-02
|s 2024-07-15
|t 1
|w 2014-12-04
|y BK
|